| 000 | 00386nam a2200157Ia 4500 | ||
|---|---|---|---|
| 003 | GCL | ||
| 008 | 140319s9999 xx 000 0 eng d | ||
| 040 |
_aGCL / _cGCL |
||
| 082 | 0 | 4 |
_aCH _b823.02 _bL B |
| 100 | 1 | _aLONGMAN | |
| 245 | 1 | 0 |
_aWHEN THE RAIN STOPPED IN NATLAND / _cLONGMAN |
| 260 |
_a[S.N] : _bLONGMAN |
||
| 650 | 0 | 4 | _aSTORIES |
| 650 | 0 | 4 | _aCHILDREN - STORIES |
| 942 |
_2ddc _cBK |
||
| 999 |
_c12659 _d12659 |
||